Charakteristika nového zákona o poisťovníctve na Slovensku

Základné ciele a prehľad Ustanovení Zákona SR č. 95/2002 Z.z. o poisťovníctve.

Guardado en:
Detalles Bibliográficos
Autor principal: Daráš, Milan
Otros Autores: Červenka, Milan
Formato: Capítulo de libro
Lenguaje:eslovaco
Materias:
Etiquetas: Agregar Etiqueta
Sin Etiquetas, Sea el primero en etiquetar este registro!

MARC

LEADER 00000naa$a2200000$$$4500
001 0034915
005 20230928072128.6
041 0 |a slo 
044 |a CZ 
245 1 0 |a Charakteristika nového zákona o poisťovníctve na Slovensku  |c Milan Daráš, Milan Červenka 
520 |a Základné ciele a prehľad Ustanovení Zákona SR č. 95/2002 Z.z. o poisťovníctve. 
610 2 0 |a poisťovníctvo 
610 2 0 |a Slovensko 
610 2 0 |a aproximácia práva 
610 2 0 |a Európska únia 
610 2 0 |a zákony 
100 1 |a Daráš, Milan 
700 1 |a Červenka, Milan